Μπάσκετ για όλους
Αποθηκεύτηκε σε:
| Κύριος συγγραφέας: | |
|---|---|
| Μορφή: | Βιβλίο |
| Γλώσσα: | Greek |
| Δημοσίευση: |
[Αθήνα] :
Μιχάλης Αναστασιάδης,
[c 1984]
|
| Θέματα: | |
| Ετικέτες: |
Προσθήκη ετικέτας
Δεν υπάρχουν, Καταχωρήστε ετικέτα πρώτοι!
|
MARC
| LEADER | 00000nam a2200000 i 4500 | ||
|---|---|---|---|
| 001 | 1/89590 | ||
| 008 | 960924s1984 gre d | ||
| 035 | |a 1990 |b 3 |c Μικιόζος |l 10035786 | ||
| 040 | |a GR-MY-UA |b gre |e aacr | ||
| 041 | 0 | |a gre | |
| 082 | 0 | |a 796.323 | |
| 100 | 1 | |a Αναστασιάδης, Μιχάλης. | |
| 245 | 1 | 0 | |a Μπάσκετ για όλους / |c Μιχ. Γ. Αναστασιάδης |
| 260 | |a [Αθήνα] : |b Μιχάλης Αναστασιάδης, |c [c 1984] | ||
| 300 | |a 93 σ. |b εικ. | ||
| 650 | 0 | 0 | |a Basketball |x Technique. |
| 650 | 0 | 0 | |a Basketball |x Rules. |
| 650 | 0 | 0 | |a Basketball |x Training. |
| 650 | 0 | 0 | |a Basketball for children. |
| 852 | |a INST |b RHODES |e 19960924 |h 796.323 ΑΝΑ |p 005400006050 |q 005400006050 |t BK |y 0 | ||
| 909 | |a Ρ |b 018577 | ||